Statistics for Carolina Hurricanes Roster

Click here to take the quiz!

General Stats

  • This quiz has been taken 142 times
    (93 since last reset)
  • The average score is 10 of 22

Answer Stats

HintAnswer% Correct
20Aho
100%
11Staal
78%
37Svechnikov
72%
74Slavin
70%
86Teravainen
68%
19Hamilton
62%
22Pesce
57%
34Mrazek
54%
14Williams
52%
48Martinook
49%
27Faulk
46%
44de Haan
41%
23McGinn
38%
4Fleury
35%
21Niederreiter
33%
57Van Riemsdyk
33%
13Foegele
32%
79Ferland
29%
35McElhinney
22%
71Wallmark
22%
42McKegg
10%
8Maenalanen
9%

Score Distribution

Percentile by Number Answered

Percent of People with Each Score

Your Score History

You have not taken this quiz since the last reset